[Event "59th World Juniors 2022"]
[Site "Cala Gonone ITA"]
[Date "2022.10.19"]
[Round "8.42"]
[White "Wartiovaara, Oliver"]
[Black "Cotic, Borna"]
[Result "1/2-1/2"]
[WhiteElo "2297"]
[BlackElo "2133"]
[WhiteFideId "513024"]
[BlackFideId "14542307"]
[EventDate "2022.10.12"]

1. e4 c5 2. Nf3 e6 3. d4 cxd4 4. Nxd4 Nc6 5. Nc3 Qc7 6. g3 a6 7. Bg2 Nf6 8. O-O
Nxd4 9. Qxd4 Bc5 10. Bf4 d6 11. Qd2 h6 12. Rad1 e5 13. Be3 Bxe3 14. fxe3 Be6 15.
Qxd6 Rc8 16. Qxc7 Rxc7 17. Rd2 Ke7 18. Nd5+ Bxd5 19. exd5 Ne8 20. Rfd1 Nd6 21.
Bf1 b5 22. a4 bxa4 23. Bxa6 Rb8 24. c3 a3 25. bxa3 Ra8 26. Bd3 e4 27. Bxe4 Nxe4
28. d6+ Nxd6 29. Rxd6 Rxa3 30. R6d4 Kf6 31. c4 Rxe3 32. Rc1 Re2 33. c5 Rc6 34.
Rd7 Ke6 35. Ra7 g5 36. Ra8 Kf6 37. Rf1+ Kg7 38. Ra7 Rf6 39. Rxf6 Kxf6 40. c6 Rc2
41. c7 Kg6 42. Kf1 f5 43. Ke1 f4 44. Kd1 Rc4 45. Ke2 fxg3 46. hxg3 h5 47. Kd3
Rc1 48. Ke4 h4 49. gxh4 gxh4 50. Kf3 h3 51. Kg3 Rc3+ 52. Kh2 Kf6 1/2-1/2

[Event "59th World Juniors 2022"]
[Site "Cala Gonone ITA"]
[Date "2022.10.19"]
[Round "8.43"]
[White "Vagman, Roy"]
[Black "Carroll, Peter"]
[Result "1/2-1/2"]
[WhiteTitle "FM"]
[BlackTitle "CM"]
[WhiteElo "2274"]
[BlackElo "2115"]
[WhiteFideId "2828995"]
[BlackFideId "2510243"]
[EventDate "2022.10.12"]

1. e4 c5 2. Nf3 d6 3. Bb5+ Nd7 4. Ba4 Nf6 5. O-O a6 6. c4 e6 7. Nc3 Be7 8. d4
cxd4 9. Nxd4 O-O 10. Qe2 Qc7 11. Kh1 Ne5 12. Bb3 Nc6 13. Be3 b6 14. f4 Bb7 15.
f5 e5 16. Nxc6 Bxc6 17. Qd3 Qb7 18. Nd5 Bxd5 19. cxd5 Rfc8 20. Bd1 b5 21. Bf3
Rc4 22. b3 Rc7 23. Bd2 Qb6 24. a4 Rac8 25. Ra2 Nd7 26. axb5 Qxb5 27. Qxb5 axb5
28. Ra5 Rc2 29. Rd1 Nc5 30. Be3 Nxb3 31. Rxb5 R2c3 32. Bg1 Nd4 33. Bxd4 exd4 34.
Rb2 Rc1 1/2-1/2

[Event "59th World Juniors 2022"]
[Site "Cala Gonone ITA"]
[Date "2022.10.19"]
[Round "8.44"]
[White "Tripodi, Enzo"]
[Black "Nouri, Alekhine"]
[Result "0-1"]
[BlackTitle "FM"]
[WhiteElo "2113"]
[BlackElo "2251"]
[WhiteFideId "2822674"]
[BlackFideId "5216184"]
[EventDate "2022.10.12"]

1. e4 c5 2. Nf3 d6 3. d4 cxd4 4. Nxd4 Nf6 5. Nc3 a6 6. Bd3 e5 7. Nde2 Be6 8. O-O
Nbd7 9. f4 Rc8 10. f5 Bc4 11. b3 Bxd3 12. Qxd3 h6 13. a4 Be7 14. Qf3 O-O 15. Be3
Qa5 16. Bf2 d5 17. Nxd5 Nxd5 18. exd5 Rxc2 19. Rac1 Rfc8 20. Qd3 Rxc1 21. Rxc1
Rxc1+ 22. Nxc1 Bc5 23. Qd1 Nf6 24. d6 Ne4 25. Nd3 Bxf2+ 26. Nxf2 Nxd6 27. g4 Qc5
28. Kg2 e4 29. Qe2 e3 30. Nd3 Qd5+ 31. Kg3 Qd4 32. b4 Ne4+ 33. Kf3 Nf6 34. Qxe3
Qxg4+ 35. Kf2 Qxf5+ 36. Qf3 Qd7 37. a5 Qd4+ 38. Kg3 Nd5 39. Qf5 Qe3+ 40. Kh4 g5+
41. Kg4 Ne7 42. Qf3 f5+ 43. Kg3 Qg1+ 44. Qg2 f4+ 45. Kh3 Qe3+ 46. Kg4 Qxd3 47.
Qxb7 Kf7 48. b5 Qe2+ 0-1

[Event "59th World Juniors 2022"]
[Site "Cala Gonone ITA"]
[Date "2022.10.19"]
[Round "8.45"]
[White "Avila Rodriguez, Joshua Ad"]
[Black "Dimakis, Stavros"]
[Result "1-0"]
[WhiteTitle "CM"]
[WhiteElo "2225"]
[BlackElo "1832"]
[WhiteFideId "5126444"]
[BlackFideId "25879472"]
[EventDate "2022.10.12"]

1. e4 e5 2. Nf3 Nc6 3. Bb5 a6 4. Ba4 Bc5 5. O-O Nge7 6. c3 Ng6 7. d4 Ba7 8. Bg5
f6 9. Be3 O-O 10. Nbd2 d6 11. Re1 Kh8 12. h3 Bd7 13. Nf1 Qe8 14. Bc2 Nd8 15. Qd2
Ne6 16. g3 c5 17. d5 Nc7 18. g4 c4 19. Ng3 Bxe3 20. fxe3 Ne7 21. Nh4 g5 22. Nf3
b5 23. b3 cxb3 24. axb3 Qd8 25. c4 Ne8 26. Bd3 a5 27. cxb5 Qb6 28. Ra3 Nc7 29.
Rea1 Bxb5 30. Bc2 Rfc8 31. Bd1 Be8 32. Rxa5 Rxa5 33. Rxa5 Na6 34. Ra1 Nc5 35.
Rb1 Na4 36. Rc1 Nc5 37. Rc3 Rb8 38. Qc2 Qa5 39. Nd2 Bg6 40. Nc4 Qc7 41. Nxd6
Qxd6 42. Rxc5 Rxb3 43. Rc8+ Kg7 44. Qc7 Rb6 45. Qxd6 Rxd6 46. Rc7 Kf8 47. Nf5
Nxf5 48. exf5 Be8 49. e4 Rd7 50. Rc8 Ra7 51. Bb3 Ra6 52. d6 1-0

[Event "59th World Juniors 2022"]
[Site "Cala Gonone ITA"]
[Date "2022.10.19"]
[Round "8.46"]
[White "van der Merwe, Alexander"]
[Black "Asllani, Dorian"]
[Result "1/2-1/2"]
[WhiteElo "1746"]
[BlackElo "2202"]
[WhiteFideId "14323842"]
[BlackFideId "1341332"]
[EventDate "2022.10.12"]

1. e4 c5 2. Nf3 Nc6 3. Bb5 g6 4. Bxc6 dxc6 5. d3 Bg7 6. h3 e5 7. Be3 b6 8. a4 h6
9. a5 Rb8 10. axb6 axb6 11. Na3 Be6 12. Nd2 f5 13. exf5 gxf5 14. Qh5+ Kf8 15.
Ndc4 Qd5 16. Qf3 Ne7 17. Bd2 Qxf3 18. gxf3 Bd5 19. Ke2 Ng6 20. h4 e4 21. fxe4
fxe4 22. Rhg1 exd3+ 23. cxd3 Nxh4 24. Rxg7 Kxg7 25. Bc3+ Kh7 26. Bxh8 Kxh8 27.
Ne3 Re8 28. Nc4 b5 29. Nd6 Re6 30. Ra8+ Kh7 31. Nb7 c4 32. Nc5 Bf3+ 33. Kd2 Rd6
34. Rf8 Kg6 35. Kc3 cxd3 36. Nxd3 Bh1 37. Ne5+ Kh5 38. f4 Be4 39. Nf1 b4+ 40.
Kxb4 Ng2 41. Ng3+ Kh4 42. Nxe4 Rd4+ 43. Kc5 Rxe4 44. b4 Kh5 45. Rf5+ Kh4 46. Rf6
Kh5 47. Nf7 Nxf4 48. Rxh6+ Kg4 1/2-1/2

[Event "59th World Juniors 2022"]
[Site "Cala Gonone ITA"]
[Date "2022.10.19"]
[Round "8.47"]
[White "Casadio, Niccolo'"]
[Black "Di Benedetto, Edoardo"]
[Result "0-1"]
[BlackTitle "IM"]
[WhiteElo "2201"]
[BlackElo "2396"]
[WhiteFideId "2827951"]
[BlackFideId "875740"]
[EventDate "2022.10.12"]

1. d4 d5 2. Bf4 Nf6 3. e3 c5 4. dxc5 Nc6 5. Bb5 a6 6. Bxc6+ bxc6 7. Nc3 Nd7 8.
Nxd5 e5 9. Bg3 cxd5 10. Qxd5 Qa5+ 11. c3 Rb8 12. b4 Qc7 13. Nf3 Bb7 14. Qc4 Bxf3
15. gxf3 Qc6 16. O-O h5 17. h4 g5 18. Rfd1 gxh4 19. Qxh4 Qxf3 20. Qh3 Rd8 21.
Rd2 h4 22. Rad1 f5 23. c6 Qxc6 24. Bxe5 Rg8+ 25. Kh2 Be7 26. Bd4 Nf6 27. f3 Bd6+
28. Kh1 Rg3 29. Qxf5 Rxf3 30. Qe6+ Kf8 31. Rg2 h3 32. Bxf6 hxg2+ 33. Kg1 Bh2+ 0-1

[Event "59th World Juniors 2022"]
[Site "Cala Gonone ITA"]
[Date "2022.10.19"]
[Round "8.48"]
[White "Gatineau, Yovann"]
[Black "Dauw, Sterre"]
[Result "1-0"]
[WhiteTitle "IM"]
[BlackTitle "FM"]
[WhiteElo "2375"]
[BlackElo "2287"]
[WhiteFideId "26028999"]
[BlackFideId "248886"]
[EventDate "2022.10.12"]

1. d4 Nf6 2. c4 e6 3. Nf3 d5 4. g3 Bb4+ 5. Bd2 Be7 6. Bg2 O-O 7. O-O c6 8. Qc2
Nbd7 9. Bf4 b6 10. Nbd2 Bb7 11. Rfd1 Nh5 12. cxd5 Nxf4 13. gxf4 cxd5 14. Rac1 a5
15. e3 a4 16. f5 a3 17. b3 Bd6 18. Nf1 g6 19. fxe6 fxe6 20. b4 Qe7 21. b5 Rf7
22. Qe2 Raf8 23. Rc2 g5 24. Ne1 Qf6 25. Qh5 Rg7 26. Qg4 Qf7 27. Nd3 h5 28. Qe2
Qg6 29. Re1 Nf6 30. Nd2 Ne4 31. Nf3 Qf5 32. Nfe5 g4 33. Rf1 Ng5 34. f4 gxf3 35.
Nxf3 Nxf3+ 36. Kh1 Qg6 37. Bxf3 Rxf3 38. Qxf3 Qxd3 39. Rg2 Rxg2 40. Qf7+ Kh8 41.
Kxg2 Qe4+ 42. Rf3 h4 43. Kh3 Qh7 44. Qxh7+ 1-0

[Event "59th World Juniors 2022"]
[Site "Cala Gonone ITA"]
[Date "2022.10.19"]
[Round "8.49"]
[White "Cappelletto, Joshuaede"]
[Black "Karsten, Jan"]
[Result "0-1"]
[WhiteTitle "FM"]
[WhiteElo "2337"]
[BlackElo "1985"]
[WhiteFideId "2824383"]
[BlackFideId "14350653"]
[EventDate "2022.10.12"]

1. e4 c5 2. Nf3 d6 3. d4 cxd4 4. Qxd4 Nc6 5. Qe3 a6 6. Be2 Nf6 7. O-O g6 8. Rd1
Bg7 9. h3 Bd7 10. Nc3 Qc7 11. Rb1 O-O 12. Qf4 b5 13. Qh4 b4 14. Nd5 Nxd5 15.
exd5 Ne5 16. Nd4 Bf6 17. Bg5 Bxg5 18. Qxg5 Bb5 19. Qd2 Bxe2 20. Qxe2 Rfe8 21.
Kh1 Qb7 22. f4 Nd7 23. Qf3 Rac8 24. Nc6 Nb8 25. Nxb8 Rxb8 26. Rd2 Rbc8 27. f5
Qd7 28. fxg6 hxg6 29. Rf2 e6 30. dxe6 Qxe6 31. Ra1 Rc5 32. a3 Rf5 33. Qg3 bxa3
34. bxa3 Rxf2 35. Qxf2 Qe2 36. Qxe2 Rxe2 37. Rd1 Re3 38. a4 Re4 39. a5 Re5 40.
Ra1 Rc5 41. Rd1 d5 42. Kh2 Rxa5 43. Rd4 Rc5 44. Ra4 a5 45. Kg3 Kg7 46. Kf3 Rc3+
47. Kf2 Rxc2+ 48. Ke3 Rxg2 49. Rxa5 Rg3+ 0-1

[Event "59th World Juniors 2022"]
[Site "Cala Gonone ITA"]
[Date "2022.10.19"]
[Round "8.50"]
[White "Candian, Lorenzo"]
[Black "Raahul, V S"]
[Result "1/2-1/2"]
[BlackTitle "IM"]
[WhiteElo "2022"]
[BlackElo "2333"]
[WhiteFideId "2863664"]
[BlackFideId "25035525"]
[EventDate "2022.10.12"]

1. e4 c6 2. d4 d5 3. exd5 cxd5 4. c4 Nf6 5. Nc3 Nc6 6. Bf4 e6 7. c5 Be7 8. Nf3
O-O 9. Bb5 Bd7 10. Bxc6 Bxc6 11. Ne5 Nd7 12. Nxc6 bxc6 13. Qa4 Qc8 14. O-O f6
15. Rfe1 e5 16. Rac1 Rf7 17. dxe5 Nxc5 18. Qc2 Qg4 19. Bg3 fxe5 20. Rxe5 Nd7 21.
h3 Qc4 22. b3 Qc5 23. Re6 Nf8 24. Re2 Qa5 25. Nd1 Rc8 26. Ne3 Bg5 27. Rd1 Bxe3
28. Rxe3 Nd7 29. Bd6 Nf6 30. f3 c5 31. Rc3 c4 32. bxc4 Rd7 33. Bg3 d4 34. Rcd3
Qc5 35. Bf2 Qxc4 36. Qxc4+ Rxc4 37. Bxd4 Ra4 38. Bxf6 Rxd3 39. Rxd3 gxf6 40. a3
Kf7 41. Kf2 Ke6 42. g3 h5 43. h4 Ke5 44. Ke3 Ra5 45. Rb3 f5 46. Rd3 a6 47. f4+
Ke6 48. Kd2 Rd5 49. Rxd5 Kxd5 50. Kd3 a5 51. a4 Kc5 1/2-1/2

[Event "59th World Juniors 2022"]
[Site "Cala Gonone ITA"]
[Date "2022.10.19"]
[Round "8.51"]
[White "Stolyarsky, Yegor"]
[Black "Flores Quillas, Diego Saul Rodri"]
[Result "0-1"]
[BlackTitle "FM"]
[WhiteElo "1987"]
[BlackElo "2291"]
[WhiteFideId "2814595"]
[BlackFideId "3822508"]
[EventDate "2022.10.12"]

1. d4 Nf6 2. c4 c5 3. d5 e6 4. Nc3 exd5 5. cxd5 d6 6. e4 g6 7. h3 Bg7 8. Nf3 O-O
9. Be3 Re8 10. Nd2 a6 11. a4 Nxe4 12. Ncxe4 f5 13. Be2 fxe4 14. Nc4 Qc7 15. Bf4
Bf8 16. Qb3 Nd7 17. g4 Rb8 18. Qg3 Ne5 19. Nxe5 dxe5 20. Be3 b6 21. O-O Bb7 22.
Rfd1 Rbd8 23. Qg2 Qf7 24. Rd2 Kg7 25. Bc4 Bxd5 26. Rad1 Bxc4 27. Rxd8 Bd3 28.
Rxe8 Qxe8 29. Qg3 Bd6 30. f3 Qxa4 31. Rd2 c4 32. fxe4 Qa1+ 33. Kh2 Bxe4 34. Bg1
Bd3 35. Bxb6 Kf7 36. Qf3+ Ke6 37. Kg2 Qb1 38. Qf2 Bb4 39. Bd8 Qf1+ 40. Kh2 Bxd2
41. Qxd2 Qf4+ 42. Qxf4 exf4 43. Ba5 Kd5 44. Kg2 Ke4 45. Kf2 Bc2 46. Bc3 f3 47.
Bf6 Bd1 48. Ke1 Kd3 49. Bc3 Be2 50. Kf2 Kc2 51. Ke1 Kc1 52. Be5 a5 53. Bf6 a4
54. Be5 Kc2 55. Bd4 Kb3 56. Kd2 g5 57. Bf6 Bf1 58. Ke3 c3 59. bxc3 Bc4 60. Be7
a3 61. Bxa3 Kxa3 62. Kxf3 Bf1 63. Kg3 Kb3 64. h4 gxh4+ 0-1

[Event "59th World Juniors 2022"]
[Site "Cala Gonone ITA"]
[Date "2022.10.19"]
[Round "8.52"]
[White "Momin Fayzan"]
[Black "Urbani, Gabriel"]
[Result "0-1"]
[WhiteElo "1974"]
[BlackElo "2129"]
[WhiteFideId "7805225"]
[BlackFideId "2830138"]
[EventDate "2022.10.12"]

1. d4 d5 2. c4 e6 3. Nf3 Nf6 4. g3 Be7 5. Bg2 O-O 6. O-O Nbd7 7. Qc2 c6 8. Nbd2
Re8 9. e4 Nxe4 10. Nxe4 dxe4 11. Qxe4 c5 12. Rd1 Nf6 13. Qe2 Qb6 14. a3 a5 15.
Be3 Bd7 16. dxc5 Bxc5 17. Bxc5 Qxc5 18. Ne5 Ba4 19. Rd3 Rab8 20. Rb1 Qc7 21. b3
Bc6 22. Rbd1 Bxg2 23. Kxg2 b5 24. Rc1 Qc5 25. b4 axb4 26. axb4 Qc7 27. c5 Nd5
28. Rb3 f6 29. Nd3 Qc6 30. Kg1 Ra8 31. Qb2 Rad8 32. Ra1 Rd7 33. Rba3 Nc7 34. Qe2
Red8 35. Rd1 e5 36. Raa1 Ne6 37. Ne1 Nd4 38. Qa2+ Kh8 39. Rd3 h6 40. h4 f5 41.
Re3 f4 42. Rxe5 Qf6 43. Re4 fxg3 44. fxg3 Nb3 45. Rb1 Nd2 46. Rf4 Qg6 47. Rb3
Nxb3 48. Qxb3 Rd1 49. Kf1 Qe8 50. Qc3 R8d3 0-1

[Event "59th World Juniors 2022"]
[Site "Cala Gonone ITA"]
[Date "2022.10.19"]
[Round "8.53"]
[White "Vairo, Rocco Enrico"]
[Black "Ballesteros Cardenas, Leonardo"]
[Result "0-1"]
[BlackTitle "CM"]
[WhiteElo "1960"]
[BlackElo "2121"]
[WhiteFideId "2839437"]
[BlackFideId "3428141"]
[EventDate "2022.10.12"]

1. e4 c6 2. d4 d5 3. exd5 cxd5 4. c4 Nf6 5. Nc3 Be6 6. Nge2 dxc4 7. Nf4 Bg4 8.
f3 Bd7 9. Bxc4 Nc6 10. O-O g6 11. d5 Na5 12. Bd3 Bg7 13. Kh1 O-O 14. Bd2 Rc8 15.
Qe2 g5 16. b4 gxf4 17. bxa5 Qxa5 18. Qxe7 Rxc3 19. Rac1 Rfc8 20. Rxc3 Rxc3 21.
Bxc3 Qxc3 22. Qd8+ Bf8 23. Bxh7+ Kg7 24. Be4 Qc4 25. Re1 Bb4 26. Rg1 Bd6 27. h4
Qc8 28. Qxc8 Bxc8 29. Rc1 Bd7 30. a4 b6 31. Bd3 Bxa4 32. Rc8 Bd7 33. Rd8 Be7 34.
Ra8 a5 35. Ra7 Bc5 36. Bc2 Kf8 37. Kh2 Bb5 38. Bb3 Bd6 39. Rb7 Nd7 40. Ba2 a4
41. Kh3 Nf6 42. Rxb6 Bd7+ 43. Kh2 Ke7 44. Ra6 a3 45. Ra7 Bc5 46. Ra6 Bd6 47. Ra7
Kd8 48. Ra6 Kc7 49. Kg1 Nh5 50. Ra7+ Kd8 51. Kh2 Ng3 52. Bc4 Ke8 53. Ra8+ Ke7
54. Ra7 Bc5 55. Ra5 Kd6 56. Ra8 Bf5 57. Rf8 Bg6 58. Rc8 Bb4 59. Rb8 Bc5 60. Rc8
Bb4 61. Rb8 Kc5 62. Ba2 Ba5 63. Ra8 Bb4 64. Rb8 Nf5 65. Kh3 Bd2 66. Kg4 Ne3+ 67.
Kg5 Nxg2 68. Ra8 Bb4 69. h5 Bh7 70. Kh6 Bf5 71. Kg5 Bd3 72. Kf6 Ne3 73. d6 Kc6
74. Ra6+ 0-1

[Event "59th World Juniors 2022"]
[Site "Cala Gonone ITA"]
[Date "2022.10.19"]
[Round "8.54"]
[White "Monferrato, Rocco"]
[Black "Djurovic, Peko"]
[Result "0-1"]
[WhiteElo "1563"]
[BlackElo "2084"]
[WhiteFideId "3016536"]
[BlackFideId "16503902"]
[EventDate "2022.10.12"]

1. e4 c5 2. Nf3 Nc6 3. d4 cxd4 4. Nxd4 Nf6 5. Nc3 e5 6. Ndb5 d6 7. Bg5 a6 8. Na3
b5 9. Nd5 Be7 10. Bxf6 Bxf6 11. c3 O-O 12. Nc2 Rb8 13. Nxf6+ Qxf6 14. Ne3 b4 15.
Nd5 Qg6 16. Qf3 Bg4 17. Qe3 Be6 18. g3 bxc3 19. bxc3 Bxd5 20. exd5 Rb1+ 21. Rxb1
Qxb1+ 22. Ke2 Qc2+ 23. Kf3 Qd1+ 24. Kg2 Qxd5+ 25. Qf3 e4 26. Qe3 Ne7 27. Qd4
Qxd4 28. cxd4 a5 29. Bb5 Rc8 30. Re1 d5 31. Re2 Rc3 32. Rd2 f6 33. Bd7 Kf7 34.
g4 Ng6 35. Bb5 Nh4+ 36. Kh1 0-1

[Event "59th World Juniors 2022"]
[Site "Cala Gonone ITA"]
[Date "2022.10.19"]
[Round "8.55"]
[White "Javornik, Nik"]
[Black "Liloni, Francesco Mattia"]
[Result "1-0"]
[WhiteElo "2064"]
[BlackElo "1876"]
[WhiteFideId "14636549"]
[BlackFideId "2872264"]
[EventDate "2022.10.12"]

1. e4 e5 2. Bc4 Nf6 3. d3 Nc6 4. Nc3 Bb4 5. Ne2 d5 6. exd5 Nxd5 7. O-O Nb6 8.
Bb3 O-O 9. a3 Be7 10. Bd2 a5 11. Ng3 Nd4 12. Ba2 Be6 13. Bxe6 Nxe6 14. Re1 Bd6
15. Nf5 Qf6 16. Qf3 Kh8 17. Ne4 Qd8 18. b4 axb4 19. Nexd6 cxd6 20. Bxb4 Nc8 21.
Qxb7 Ra7 22. Qb8 Rd7 23. Qb5 g6 24. Ne3 Nd4 25. Qc4 Nb6 26. Qa6 Qb8 27. Ba5 Na4
28. Bb4 Nb6 29. Ba5 Na4 30. Qc4 Nc5 31. Bc3 Nce6 32. Bxd4 exd4 33. Nd5 Rc8 34.
Qa2 Rc5 35. Rab1 Qd8 36. Nb6 Rdc7 37. Nc4 Kg7 38. a4 Qg5 39. g3 Qh5 40. Qb2 Qh3
41. Nxd6 Rxc2 42. Ne8+ Kh6 43. Nxc7 Ng5 44. Qb7 Qf5 45. Rf1 Nh3+ 46. Kg2 Ng5 47.
h4 Rxf2+ 48. Rxf2 Qh3+ 49. Kg1 Qxg3+ 50. Kh1 Nh3 51. Rxf7 Qxh4 52. Rxh7+ Kxh7
53. Ne6+ 1-0

[Event "59th World Juniors 2022"]
[Site "Cala Gonone ITA"]
[Date "2022.10.19"]
[Round "8.56"]
[White "Ghaith Saeed Alnuaimi"]
[Black "Pennica, Andrea"]
[Result "0-1"]
[WhiteElo "1269"]
[BlackElo "2037"]
[WhiteFideId "9309152"]
[BlackFideId "2816828"]
[EventDate "2022.10.12"]

1. d4 c5 2. d5 Nf6 3. Nc3 e6 4. e4 exd5 5. exd5 d6 6. Bc4 Be7 7. Nf3 O-O 8. h3
Bf5 9. O-O Nbd7 10. a4 a6 11. Bf4 Re8 12. Nh4 Bg6 13. Nxg6 hxg6 14. Re1 Nf8 15.
Qd2 N8h7 16. g4 Qd7 17. Bf1 g5 18. Bg3 b6 19. Re3 Nf8 20. Bd3 Reb8 21. Rae1 Bd8
22. Bf5 Qc7 23. Ra1 Ra7 24. Ne2 g6 25. Be4 Nxe4 26. Rxe4 Bf6 27. c4 Qd8 28. Nc3
Bxc3 29. Qxc3 f5 30. Re2 f4 31. Bh2 Nd7 32. h4 Ne5 33. Rxe5 dxe5 34. Qxe5 Rf7
35. hxg5 Qf8 36. Qe6 Re8 37. Qxb6 Re5 38. Qxg6+ Rg7 39. Qf6 Qxf6 40. gxf6 Rxg4+
41. Kf1 Rh5 42. f3 Rxh2 43. fxg4 Rh1+ 44. Ke2 Rxa1 45. d6 Rb1 46. d7 Rxb2+ 47.
Kf3 Rd2 48. Kxf4 Kf7 49. g5 Ke6 0-1

[Event "59th World Juniors 2022"]
[Site "Cala Gonone ITA"]
[Date "2022.10.19"]
[Round "8.57"]
[White "Gov, Guy"]
[Black "Abdulla Younes Alkhemeiri"]
[Result "1-0"]
[WhiteElo "2121"]
[BlackElo "1405"]
[WhiteFideId "2820200"]
[BlackFideId "9324577"]
[EventDate "2022.10.12"]

1. d4 d5 2. Nc3 Nf6 3. Bf4 Bf5 4. f3 e6 5. g4 Bg6 6. h4 h6 7. e3 Bd6 8. Nh3 a6
9. Bd3 Bh7 10. Qd2 Nc6 11. O-O-O Qd7 12. g5 Nh5 13. Bxd6 Qxd6 14. Bxh7 Rxh7 15.
g6 fxg6 16. Rhg1 Ne7 17. e4 O-O-O 18. e5 Qb4 19. Rg4 Rf8 20. Qe3 Nf5 21. Qe1 Ne7
22. Rd3 Rhh8 23. Qg1 Rf5 24. a3 Qa5 25. Ne2 Rhf8 26. f4 Qb5 27. Qe3 Qe8 28. Kb1
Qb5 29. Rb3 Qa5 30. Rc3 b5 31. Nc1 Qb6 32. Nb3 a5 33. Nc5 a4 34. Ka2 R5f7 35.
Qd2 Nf5 36. Rxg6 Re7 37. Qd1 Nhg3 38. Rgxg3 Nxg3 39. Rxg3 b4 40. Qd2 bxa3 41.
Rxa3 c6 42. Nxa4 Qb8 43. Qc3 Rc7 44. Qc5 Rff7 45. Nb6+ 1-0

[Event "59th World Juniors 2022"]
[Site "Cala Gonone ITA"]
[Date "2022.10.19"]
[Round "8.58"]
[White "Persico, Lorenzo"]
[Black "De Ieso, Lorenzo"]
[Result "0-1"]
[WhiteElo "2007"]
[BlackElo "1938"]
[WhiteFideId "899240"]
[BlackFideId "2894101"]
[EventDate "2022.10.12"]

1. e4 e5 2. Nf3 Nc6 3. Bc4 Bc5 4. c3 Nf6 5. d3 d6 6. Bb3 a6 7. Nbd2 Ba7 8. h3 h6
9. Nf1 Be6 10. Ng3 Qd7 11. Bc2 O-O-O 12. b4 d5 13. Qe2 dxe4 14. dxe4 g5 15. b5
axb5 16. Qxb5 g4 17. Nxe5 Nxe5 18. Qxe5 Nh7 19. h4 Rhe8 20. Qa5 Kb8 21. O-O Bc4
22. Rd1 Qxd1+ 23. Bxd1 Rxd1+ 24. Kh2 Bxf2 25. Qa4 Bxg3+ 26. Kxg3 Rd3+ 27. Kf4 b5
28. Rb1 Kc8 29. Qa6+ Kd8 30. Ba3 Re6 31. Qa8+ Kd7 32. e5 f6 33. exf6 Nxf6 34.
Qf8 Nh5+ 35. Kxg4 Rg3+ 36. Kxh5 Be2+ 37. Qf3 Rxf3 38. g4 Rf5# 0-1

[Event "59th World Juniors 2022"]
[Site "Cala Gonone ITA"]
[Date "2022.10.19"]
[Round "8.59"]
[White "Vivoli, Alessandro"]
[Black "Ahmed Younes Alkhemeiri"]
[Result "0-1"]
[WhiteElo "1555"]
[BlackElo "1139"]
[WhiteFideId "11800240"]
[BlackFideId "9324585"]
[EventDate "2022.10.12"]

1. e4 e5 2. Nf3 Nc6 3. Bb5 a6 4. Ba4 Be7 5. O-O b5 6. Bb3 d6 7. c3 Na5 8. Bc2 c5
9. d4 Qc7 10. h3 Nc4 11. b3 Nb6 12. Re1 h6 13. Nbd2 Nf6 14. Nf1 Nbd7 15. Ng3 O-O
16. Nf5 Nb6 17. Bb2 Re8 18. dxe5 dxe5 19. Nxe7+ Rxe7 20. Nh4 Be6 21. Nf5 Bxf5
22. exf5 Rd8 23. Qe2 Rde8 24. a4 bxa4 25. bxa4 a5 26. c4 Qb7 27. Bc3 Qa6 28.
Rab1 Nfd7 29. Rb5 e4 30. Qg4 Ne5 31. Bxe5 Rxe5 32. Rxe4 Rxe4 33. Bxe4 Nxa4 34.
Bc2 Nc3 35. Rb3 Ne2+ 36. Kh1 Nd4 37. Rg3 Qf6 38. Bd3 a4 39. Re3 Rxe3 40. fxe3
Nc6 41. Qd1 Nb4 42. Bb1 a3 43. Qf3 Qa1 44. Qe4 a2 0-1

[Event "59th World Juniors 2022"]
[Site "Cala Gonone ITA"]
[Date "2022.10.19"]
[Round "8.60"]
[White "Salem Muhsan Shuaib"]
[Black "Porcu, Riccardo"]
[Result "1-0"]
[WhiteElo "1227"]
[BlackElo "1759"]
[WhiteFideId "9325824"]
[BlackFideId "28536690"]
[EventDate "2022.10.12"]

1. d4 b6 2. e4 e6 3. Nf3 Bb7 4. Nc3 Bb4 5. Bd3 Nf6 6. e5 Ne4 7. Bd2 Nxd2 8. Qxd2
c5 9. a3 Ba5 10. O-O-O Qc7 11. b4 cxb4 12. Nb5 Qc6 13. Nd6+ Kf8 14. Be4 Qa4 15.
Bxb7 Qxa3+ 16. Kb1 b3 17. c3 Nc6 18. Bxa8 Bxc3 19. Qxc3 Qa2+ 20. Kc1 Nb4 21. Qb2
Qa4 22. Kd2 Nc2 23. Rc1 Ke7 24. Be4 1-0

[Event "59th World Juniors 2022"]
[Site "Cala Gonone ITA"]
[Date "2022.10.20"]
[Round "9.1"]
[White "Ivic, Velimir"]
[Black "Kozak, Adam"]
[Result "0-1"]
[WhiteTitle "GM"]
[BlackTitle "GM"]
[WhiteElo "2553"]
[BlackElo "2516"]
[WhiteFideId "950122"]
[BlackFideId "753246"]
[EventDate "2022.10.12"]

1. d4 Nf6 2. c4 e6 3. Nf3 d5 4. g3 Bb4+ 5. Bd2 Be7 6. Bg2 Nbd7 7. Qc2 c6 8. O-O
O-O 9. b3 b6 10. Nc3 Ba6 11. e4 dxc4 12. Rfe1 Re8 13. h4 h6 14. e5 Nd5 15. Ne4
Nb4 16. Qd1 Nd3 17. Re3 c5 18. Nh2 c3 19. Rxd3 Bxd3 20. Bf4 Bxe4 21. Bxe4 f5 22.
exf6 Nxf6 23. Bc2 Bd6 24. Bg5 hxg5 25. hxg5 Bxg3 26. Nf3 Bxf2+ 27. Kxf2 Ng4+ 28.
Kg3 Ne3 29. Qh1 Nxc2 30. g6 Qf6 31. Qh7+ Kf8 32. Ne5 Nxd4 33. Rf1 Qxf1 34. Qh8+
Ke7 35. Qxg7+ Kd6 0-1

[Event "59th World Juniors 2022"]
[Site "Cala Gonone ITA"]
[Date "2022.10.20"]
[Round "9.2"]
[White "Gadimbayli, Abdulla"]
[Black "Kacharava, Nikolozi"]
[Result "1-0"]
[WhiteTitle "IM"]
[BlackTitle "IM"]
[WhiteElo "2499"]
[BlackElo "2512"]
[WhiteFideId "13404938"]
[BlackFideId "13611860"]
[EventDate "2022.10.12"]

1. e4 c5 2. Nf3 d6 3. d4 cxd4 4. Nxd4 Nf6 5. Nc3 a6 6. Bg5 Nbd7 7. Qe2 h6 8. Bh4
g6 9. f4 e5 10. fxe5 dxe5 11. O-O-O Qc7 12. Nb3 b5 13. Qf3 Bg7 14. Rxd7 Nxd7 15.
Nd5 Qb8 16. Na5 Bb7 17. Nxb7 Qxb7 18. Be2 O-O 19. Be7 Nb6 20. Bxf8 Rxf8 21. Nxb6
Qxb6 22. Kb1 Rd8 23. Rf1 Qe6 24. Bd3 h5 25. h3 Rd6 26. Qe2 Rd4 27. c3 Rd7 28.
Bc2 Qd6 29. Bb3 Bf6 30. Rd1 Qe7 31. a3 Kg7 32. Rxd7 Qxd7 33. Qd1 Qxd1+ 34. Bxd1
Kh6 35. Bb3 Kg5 36. Bxf7 Kf4 37. Bxg6 h4 38. Kc2 Kg3 39. Bf5 Kxg2 40. b4 Kf3 41.
Kd3 Bd8 42. Bc8 a5 43. Bd7 Kg3 44. c4 bxc4+ 45. Kxc4 Kf4 46. Kd5 Ke3 47. b5 a4
48. Kc6 Kxe4 49. b6 Bxb6 50. Kxb6 Kf4 51. Bxa4 e4 52. Bd1 Kg3 53. Bg4 1-0